000 00342nam a2200145Ia 4500
008 090124s9999 xx 000 0 und d
082 _b302456
245 _a ट्रॅप
250 _a1
260 _bरानडे जयंत
_c1991
300 _a193
630 _a ट्रॅप
730 _a ट्रॅप
942 _cBOOK
999 _c192093
_d192093